[Event "21. Copenhagen Open  (Politiken Cup)"]
[Site "Copenhagen"]
[Date "1999.07.06"]
[Round "4"]
[White "Raunkjaer, Jonas"]
[Black "Petersen, Steffen"]
[Result "1/2-1/2"]
[WhiteElo "1607"]
[BlackElo "1875"]
[PlyCount "75"]
[EventDate "1999.07.03"]
[EventType "swiss"]
[EventRounds "11"]
[EventCountry "DEN"]
[SourceDate "2004.01.01"]

1. e4 e5 2. Nf3 Nc6 3. d4 exd4 4. Nxd4 d6 5. Nxc6 bxc6 6. Bd3 Nf6 7. O-O Be7 8.
Be3 O-O 9. Nd2 Ng4 10. Bf4 Bf6 11. c3 Ne5 12. Nf3 Nxd3 13. Qxd3 a5 14. Rfd1 Ba6
15. Qd2 Qe7 16. Re1 Rfd8 17. Qc2 g5 18. Bg3 Bg7 19. Nd4 Bb7 20. Nf5 Qf8 21. Qd2
h6 22. h4 f6 23. hxg5 fxg5 24. Re3 Bc8 25. Rf3 Bxf5 26. Rxf5 Qe7 27. Qd3 Rab8
28. Qc4+ Kh8 29. Qxc6 Rxb2 30. Rxa5 Rc2 31. e5 dxe5 32. Ra8 Rcd2 33. Re1 R2d6
34. Rxd8+ Qxd8 35. Qe4 Rd5 36. Qf5 Qe7 37. Qc8+ Kh7 38. Qf5+ 1/2-1/2

[Event "21. Copenhagen Open  (Politiken Cup)"]
[Site "Copenhagen"]
[Date "1999.07.06"]
[Round "4"]
[White "Ronsted, Torben"]
[Black "Christensen, Stefan"]
[Result "0-1"]
[WhiteElo "1915"]
[BlackElo "2196"]
[PlyCount "96"]
[EventDate "1999.07.03"]
[EventType "swiss"]
[EventRounds "11"]
[EventCountry "DEN"]
[SourceDate "2004.01.01"]

1. d4 Nf6 2. c4 e6 3. Nc3 Bb4 4. Nf3 O-O 5. g3 c5 6. Bg2 cxd4 7. Nxd4 Nc6 8.
O-O Qb6 9. Nxc6 bxc6 10. Be3 Qa5 11. Ne4 Nxe4 12. Bxe4 d5 13. cxd5 cxd5 14. Bg2
Ba6 15. a3 Be7 16. Bd4 Rfd8 17. Re1 Bc4 18. e3 Qc7 19. b3 Ba6 20. Rc1 Qd6 21.
Bc5 Qd7 22. b4 Bb7 23. Re2 Bf6 24. Rd2 Bc6 25. Qh5 Qb7 26. Bd4 g6 27. Qf3 Bxd4
28. Rxd4 e5 29. Rd2 Kg7 30. Rdc2 Rac8 31. h4 Rd6 32. h5 Rf8 33. g4 h6 34. Qg3
Re6 35. Kh2 e4 36. Bh3 g5 37. Bf1 a6 38. Rc5 Qb6 39. Be2 Rd8 40. Bd1 Kh7 41.
Bb3 Rf6 42. Kg1 Rdd6 43. Qe5 Qb7 44. Rd1 Qd7 45. Qg3 Rf3 46. Qg2 d4 47. Rdc1
dxe3 48. fxe3 Rd2 0-1

[Event "21. Copenhagen Open  (Politiken Cup)"]
[Site "Copenhagen"]
[Date "1999.07.06"]
[Round "4"]
[White "Samuelsen, Carl Eli"]
[Black "Hansen, Soren Asger"]
[Result "1-0"]
[WhiteElo "2060"]
[BlackElo "1683"]
[PlyCount "41"]
[EventDate "1999.07.03"]
[EventType "swiss"]
[EventRounds "11"]
[EventCountry "DEN"]
[SourceDate "2004.01.01"]

1. d4 Nf6 2. c4 g6 3. Nc3 Bg7 4. e4 d6 5. f4 O-O 6. Be2 c5 7. d5 Ne8 8. Nf3 Bg4
9. O-O Bxf3 10. Bxf3 Nd7 11. Be3 Rb8 12. a4 b6 13. Bf2 a6 14. Qe2 Nc7 15. Rfb1
e5 16. dxe6 fxe6 17. Qd2 Qe7 18. Rd1 Bxc3 19. bxc3 Rbd8 20. Qxd6 Nd5 21. Rxd5
1-0

[Event "21. Copenhagen Open  (Politiken Cup)"]
[Site "Copenhagen"]
[Date "1999.07.06"]
[Round "4"]
[White "Schmied, Andreas"]
[Black "Hartvig, Ove Weiss"]
[Result "0-1"]
[WhiteElo "2162"]
[BlackElo "2289"]
[PlyCount "42"]
[EventDate "1999.07.03"]
[EventType "swiss"]
[EventRounds "11"]
[EventCountry "DEN"]
[SourceDate "2004.01.01"]

1. Nf3 f5 2. c4 Nf6 3. Nc3 g6 4. g3 d6 5. d4 Bg7 6. Bg2 O-O 7. O-O Qe8 8. d5
Na6 9. Nd4 Bd7 10. Rb1 c6 11. b3 Nc7 12. Bb2 c5 13. Nc2 a6 14. e4 b5 15. e5
dxe5 16. d6 exd6 17. Bxa8 Qxa8 18. Qxd6 b4 19. Qxc7 bxc3 20. Bxc3 Qf3 21. Bxe5
Bc6 0-1

[Event "21. Copenhagen Open  (Politiken Cup)"]
[Site "Copenhagen"]
[Date "1999.07.06"]
[Round "4"]
[White "Schyberg, Brian"]
[Black "Schmidt, Horst Hubert"]
[Result "1/2-1/2"]
[WhiteElo "1954"]
[BlackElo "1672"]
[PlyCount "101"]
[EventDate "1999.07.03"]
[EventType "swiss"]
[EventRounds "11"]
[EventCountry "DEN"]
[SourceDate "2004.01.01"]

1. d4 d5 2. e4 c5 3. dxc5 Qa5+ 4. Qd2 Qxc5 5. exd5 Nf6 6. Nc3 Bf5 7. Bd3 Bxd3
8. Qxd3 Nbd7 9. Nge2 a6 10. O-O g6 11. Be3 Qd6 12. Bf4 Qc5 13. h3 Bg7 14. Rfe1
O-O 15. a3 Rac8 16. Rad1 Rfe8 17. Nc1 Nh5 18. Be3 Qc4 19. Bd4 Ndf6 20. g4 Nf4
21. Qf3 g5 22. h4 h6 23. hxg5 hxg5 24. Re5 Nh7 25. Re4 Qc7 26. Bxg7 Kxg7 27.
N1e2 Ng6 28. Nd4 Nh4 29. Nf5+ Nxf5 30. Qxf5 Qd6 31. Re3 Rc4 32. Ne4 Qf4 33.
Qxf4 gxf4 34. Re2 f3 35. Re3 Rxc2 36. b4 Rec8 37. Rxf3 Re2 38. Nc5 Ng5 39. Kf1
Rc2 40. Re3 b6 41. Nxa6 Kf8 42. d6 exd6 43. Rxd6 R8c4 44. Rxb6 Rf4 45. Kg2
Rfxf2+ 46. Kg3 Ne6 47. a4 Rg2+ 48. Kh4 Rc4 49. Rg3 Rh2+ 50. Rh3 Rg2 51. Rg3
1/2-1/2

[Event "21. Copenhagen Open  (Politiken Cup)"]
[Site "Copenhagen"]
[Date "1999.07.06"]
[Round "4"]
[White "Simonsen, Hans Kristian"]
[Black "Jessen, Simon Pind"]
[Result "0-1"]
[WhiteElo "1650"]
[BlackElo "1939"]
[PlyCount "126"]
[EventDate "1999.07.03"]
[EventType "swiss"]
[EventRounds "11"]
[EventCountry "DEN"]
[SourceDate "2004.01.01"]

1. d4 d5 2. c4 c6 3. Nf3 Nf6 4. e3 g6 5. Nc3 Bg7 6. cxd5 cxd5 7. Bd3 Nc6 8. O-O
O-O 9. a3 Bg4 10. Be2 Rc8 11. b4 Bxf3 12. Bxf3 Nxd4 13. exd4 Rxc3 14. Bb2 Rc7
15. Qa4 Qb8 16. Rfc1 Rfc8 17. Rxc7 Rxc7 18. Rc1 b6 19. Rc6 Rxc6 20. Qxc6 e6 21.
g3 Ne8 22. Be2 Nd6 23. Bd3 b5 24. Bc3 Nc4 25. a4 bxa4 26. Qxa4 Nb6 27. Qc6 Qc8
28. b5 Bf6 29. Kf1 Qxc6 30. bxc6 Bd8 31. Bd2 Bc7 32. Bf4 Bxf4 33. gxf4 Na8 34.
Ke2 Kf8 35. Kf3 f5 36. Bb5 Nc7 37. Ba4 Ke7 38. Ke3 Kd6 39. Kd3 a6 40. Kc3 a5
41. Kb3 Na6 42. Kc3 Nb4 43. h4 Nxc6 44. f3 Kc7 45. Bb5 Kb6 46. Ba4 Kb7 47. Bb5
Kc7 48. Ba4 Ne7 49. Kb3 Ng8 50. Kc3 Nf6 51. Kd3 Kb6 52. Ke3 Kc7 53. Kd3 Nh5 54.
Ke3 Kd6 55. Bb5 Ke7 56. Ba4 Kf6 57. Bd7 h6 58. Be8 Ng7 59. Bd7 g5 60. hxg5+
hxg5 61. fxg5+ Kxg5 62. Bc6 f4+ 63. Kf2 Nf5 0-1

[Event "21. Copenhagen Open  (Politiken Cup)"]
[Site "Copenhagen"]
[Date "1999.07.06"]
[Round "4"]
[White "Sinkbaek, Aage"]
[Black "Nuoristo, Peter"]
[Result "1/2-1/2"]
[WhiteElo "2232"]
[BlackElo "2266"]
[PlyCount "92"]
[EventDate "1999.07.03"]
[EventType "swiss"]
[EventRounds "11"]
[EventCountry "DEN"]
[SourceDate "2004.01.01"]

1. Nf3 Nf6 2. g3 d5 3. Bg2 Bf5 4. O-O e6 5. d3 Be7 6. c4 c6 7. b3 h6 8. Bb2 O-O
9. Nbd2 a5 10. Re1 a4 11. e4 dxe4 12. Nxe4 Na6 13. Qe2 Bxe4 14. dxe4 Qb6 15.
Bd4 Nc5 16. Rab1 axb3 17. axb3 Qb4 18. Qc2 Rfd8 19. Bc3 Qa3 20. Nd4 Na6 21. Qe2
Bf8 22. Nc2 Qe7 23. b4 e5 24. Ne3 g6 25. Qb2 Ne8 26. c5 f6 27. Nc4 Nac7 28. Nb6
Rab8 29. Bf1 Kh7 30. Bc4 Na8 31. Nxa8 Rxa8 32. Ra1 Nc7 33. Qe2 Rxa1 34. Rxa1
Ne6 35. Ba2 Bg7 36. Qc4 Nd4 37. Rd1 Qd7 38. Bxd4 exd4 39. Kg2 f5 40. exf5 Qxf5
41. Bb1 Qg4 42. Qd3 Re8 43. h3 Qg5 44. h4 Qh5 45. Qf3 Qxf3+ 46. Kxf3 h5 1/2-1/2

[Event "21. Copenhagen Open  (Politiken Cup)"]
[Site "Copenhagen"]
[Date "1999.07.06"]
[Round "4"]
[White "Sorensen, Torben N"]
[Black "Poulsen, Martin"]
[Result "1-0"]
[WhiteElo "2348"]
[BlackElo "1775"]
[PlyCount "83"]
[EventDate "1999.07.03"]
[EventType "swiss"]
[EventRounds "11"]
[EventCountry "DEN"]
[SourceDate "2004.01.01"]

1. Nf3 f5 2. b3 Nf6 3. Bb2 e6 4. g3 d5 5. Bg2 Bd6 6. O-O O-O 7. d4 c6 8. Ne1
Nbd7 9. Nd3 Qe7 10. e3 e5 11. dxe5 Nxe5 12. Nd2 Nfg4 13. Nf3 Bd7 14. Nfxe5 Nxe5
15. Nxe5 Bxe5 16. Bxd5+ Kh8 17. Bxe5 Qxe5 18. Bf3 Be6 19. c4 Rfd8 20. Qc2 Rd6
21. Rad1 Rad8 22. Rxd6 Rxd6 23. Rd1 Kg8 24. Rxd6 Qxd6 25. Qc3 Kf8 26. Qd4 Qxd4
27. exd4 Ke7 28. Kf1 Kd6 29. Ke2 b5 30. c5+ Kc7 31. Ke3 g5 32. d5 cxd5 33. Kd4
Kc6 34. b4 a5 35. a3 axb4 36. axb4 Bg8 37. Bg2 Bf7 38. f4 gxf4 39. gxf4 Be6 40.
Bf3 h6 41. h4 Bf7 42. Ke5 1-0

[Event "21. Copenhagen Open  (Politiken Cup)"]
[Site "Copenhagen"]
[Date "1999.07.06"]
[Round "4"]
[White "Tjornsted, Peter"]
[Black "Rasmussen, Poul"]
[Result "1/2-1/2"]
[WhiteElo "1837"]
[BlackElo "1581"]
[PlyCount "131"]
[EventDate "1999.07.03"]
[EventType "swiss"]
[EventRounds "11"]
[EventCountry "DEN"]
[SourceDate "2004.01.01"]

1. g3 Nf6 2. Bg2 g6 3. d4 d5 4. Bg5 Bg7 5. Nf3 c6 6. O-O O-O 7. Nbd2 Nbd7 8.
Re1 h6 9. Bxf6 Nxf6 10. e4 dxe4 11. Nxe4 Nxe4 12. Rxe4 Bf5 13. Re3 Bg4 14. c3
Qd7 15. Qb3 Bxf3 16. Bxf3 e6 17. a4 a6 18. Bg4 Kh8 19. Bf3 Qc7 20. Rd1 Rad8 21.
Qc4 Rc8 22. b4 b5 23. Qa2 Qd6 24. axb5 axb5 25. Qa6 Qc7 26. Ree1 Rfd8 27. Ra1
e5 28. Qa7 exd4 29. Qxc7 Rxc7 30. cxd4 Kh7 31. Rac1 Rxd4 32. Rxc6 Rxc6 33. Bxc6
Rxb4 34. Re7 f6 35. Rb7 Rb1+ 36. Kg2 b4 37. h4 h5 38. Bd5 Rd1 39. Bf7 Rd4 40.
Kf3 Kh6 41. Ke3 Rd6 42. Rxb4 Rd7 43. Bb3 Bf8 44. Rb8 Bg7 45. f3 Re7+ 46. Kf2
Rc7 47. g4 Re7 48. Rb4 Bf8 49. Rc4 Rb7 50. Bc2 Rb4 51. g5+ fxg5 52. hxg5+ Kxg5
53. Rc6 Rb2 54. Rxg6+ Kh4 55. Rc6 Kg5 56. Ke3 h4 57. f4+ Kg4 58. Bd1+ Kh3 59.
f5 Kh2 60. f6 Rb6 61. Rc2+ Kg1 62. f7 Re6+ 63. Kd2 Bh6+ 64. Kd3 Rd6+ 65. Ke2
Re6+ 66. Kd3 1/2-1/2

[Event "21. Copenhagen Open  (Politiken Cup)"]
[Site "Copenhagen"]
[Date "1999.07.06"]
[Round "4"]
[White "Vistisen, Lars"]
[Black "Laursen, Niels Norskov"]
[Result "1-0"]
[WhiteElo "2199"]
[BlackElo "2055"]
[PlyCount "69"]
[EventDate "1999.07.03"]
[EventType "swiss"]
[EventRounds "11"]
[EventCountry "DEN"]
[SourceDate "2004.01.01"]

1. e4 c5 2. c3 e6 3. d4 d5 4. Nd2 Nc6 5. Ngf3 cxd4 6. cxd4 dxe4 7. Nxe4 Be7 8.
Bd3 Nf6 9. O-O O-O 10. Be3 Nb4 11. Bb1 Nxe4 12. Bxe4 Bf6 13. Rc1 Bd7 14. Qb3
Nd5 15. Bxd5 exd5 16. Qxb7 Rb8 17. Qxa7 Rxb2 18. a4 Re8 19. Ne5 Bxe5 20. dxe5
Rb4 21. Rc7 Be6 22. f4 d4 23. Bc1 d3 24. f5 Bxf5 25. Rxf7 Qd4+ 26. Qxd4 Rxd4
27. R7xf5 d2 28. Bxd2 Rxd2 29. Re1 Ra2 30. Rf4 Re6 31. h4 h6 32. g4 Rc6 33. e6
Rcc2 34. e7 Re2 35. e8=Q+ 1-0

[Event "21. Copenhagen Open  (Politiken Cup)"]
[Site "Copenhagen"]
[Date "1999.07.06"]
[Round "4"]
[White "Ward, Christopher"]
[Black "Pedersen, Steffen"]
[Result "1/2-1/2"]
[WhiteElo "2473"]
[BlackElo "2427"]
[PlyCount "26"]
[EventDate "1999.07.03"]
[EventType "swiss"]
[EventRounds "11"]
[EventCountry "DEN"]
[SourceDate "2004.01.01"]

1. d4 d5 2. c4 c6 3. Nf3 Nf6 4. Nc3 a6 5. cxd5 cxd5 6. Bf4 Nc6 7. e3 Bg4 8. h3
Bxf3 9. Qxf3 e6 10. Be2 Bd6 11. O-O Bxf4 12. Qxf4 O-O 13. Rfc1 Rc8 1/2-1/2

[Event "21. Copenhagen Open  (Politiken Cup)"]
[Site "Copenhagen"]
[Date "1999.07.07"]
[Round "5"]
[White "Baburin, Alexander"]
[Black "Hansen, Sune Berg"]
[Result "1-0"]
[WhiteElo "2593"]
[BlackElo "2558"]
[PlyCount "139"]
[EventDate "1999.07.03"]
[EventType "swiss"]
[EventRounds "11"]
[EventCountry "DEN"]
[SourceDate "2004.01.01"]

1. d4 Nf6 2. c4 e6 3. Nc3 Bb4 4. Qc2 O-O 5. a3 Bxc3+ 6. Qxc3 Ne4 7. Qc2 f5 8.
Nh3 d6 9. f3 Nf6 10. e3 e5 11. dxe5 dxe5 12. Be2 c5 13. f4 Nc6 14. O-O Qe7 15.
Bd2 Bd7 16. Rae1 Ne4 17. Bf3 exf4 18. Nxf4 Rae8 19. Bc3 Bc8 20. b3 Qg5 21. Bxe4
Rxe4 22. Rf3 Ne5 23. Rg3 Qh4 24. Bxe5 Rxe5 25. Qc3 Rfe8 26. Rd1 b6 27. Rd5 R5e7
28. b4 cxb4 29. axb4 Rf7 30. Rd6 Rd8 31. c5 bxc5 32. bxc5 Rxd6 33. cxd6 Bd7 34.
Nd3 Qf6 35. Ne5 Rf8 36. Qd4 Rd8 37. Rf3 Qe6 38. Rf1 h6 39. Rd1 a6 40. h3 Kh7
41. e4 fxe4 42. Qxe4+ Kg8 43. Qd4 Kh7 44. Qd3+ Kg8 45. Nxd7 Rxd7 46. Qxa6 Qe3+
47. Kh1 Qe6 48. Qb5 Kh7 49. Qd3+ Kg8 50. Qd4 Kh7 51. Qf4 Kg8 52. Kh2 Kh7 53. h4
h5 54. Rd4 g6 55. Rd2 Kg7 56. Qd4+ Kg8 57. Rd1 Kh7 58. Qd5 Qf6 59. Kh3 Kg7 60.
Rd3 Kh6 61. Rd2 Qf4 62. Qd4 Qf5+ 63. Kh2 Kh7 64. Re2 Qf7 65. Rf2 Qe6 66. Rf6
Qe8 67. Qd5 Kg7 68. Re6 Qd8 69. Qe4 Rxd6 70. Qe5+ 1-0

[Event "21. Copenhagen Open  (Politiken Cup)"]
[Site "Copenhagen"]
[Date "1999.07.07"]
[Round "5"]
[White "Barkhagen, Jonas"]
[Black "Sylvan, Jacob"]
[Result "1/2-1/2"]
[WhiteElo "2442"]
[BlackElo "2271"]
[PlyCount "43"]
[EventDate "1999.07.03"]
[EventType "swiss"]
[EventRounds "11"]
[EventCountry "DEN"]
[SourceDate "2004.01.01"]

1. d4 Nf6 2. c4 g6 3. Nc3 Bg7 4. e4 d6 5. f3 O-O 6. Bg5 c5 7. Nge2 cxd4 8. Nxd4
Nc6 9. Nc2 Nd7 10. Qd2 a5 11. h4 h5 12. Be2 Nde5 13. Ne3 Be6 14. Ncd5 Re8 15.
Rd1 Nb4 16. O-O Nxd5 17. Nxd5 Nd7 18. b3 Nc5 19. Qe3 Bxd5 20. Rxd5 Qb6 21. Rb1
Qb4 22. Qc1 1/2-1/2

[Event "21. Copenhagen Open  (Politiken Cup)"]
[Site "Copenhagen"]
[Date "1999.07.07"]
[Round "5"]
[White "Bekker Jensen, Anne"]
[Black "Haagen Larsen, Hans"]
[Result "1-0"]
[WhiteElo "2074"]
[BlackElo "1612"]
[PlyCount "115"]
[EventDate "1999.07.03"]
[EventType "swiss"]
[EventRounds "11"]
[EventCountry "DEN"]
[SourceDate "2004.01.01"]

1. d4 g6 2. c4 Bg7 3. Nc3 d6 4. e4 Nd7 5. f4 c5 6. Nf3 cxd4 7. Nxd4 Qb6 8. Ndb5
Ndf6 9. Qf3 Qc6 10. h3 a6 11. Nd4 Qb6 12. Nb3 Bd7 13. Be3 Qc7 14. Bd3 Rb8 15.
Rc1 Bc6 16. O-O h5 17. Nd5 Bxd5 18. cxd5 Qd8 19. Rc2 Nh6 20. Rfc1 O-O 21. Qf2
Nd7 22. Rc7 b6 23. R7c6 Nc5 24. Bb1 Kh8 25. Nd4 a5 26. b3 Rb7 27. a3 Qd7 28. b4
axb4 29. axb4 Na6 30. Qd2 Ng8 31. Bd3 Ra8 32. Bb5 Qd8 33. R6c2 Nf6 34. Bxa6
Rxa6 35. Rc8 Qxc8 36. Rxc8+ Kh7 37. Qd3 Rba7 38. Nb5 Ra1+ 39. Kh2 R7a4 40. Bd4
Re1 41. Bc3 Rc1 42. Qd2 Raa1 43. Bxa1 Rxc8 44. Qd3 h4 45. Bd4 Rc1 46. Qe3 Rc4
47. Qe1 Kg8 48. Qxh4 Rxb4 49. e5 Nxd5 50. exd6 exd6 51. Bxg7 Kxg7 52. Nxd6 Rxf4
53. Qg5 f5 54. g3 Rf2+ 55. Kg1 Re2 56. Nxf5+ Kf7 57. Nd6+ Ke6 58. Qg4+ 1-0

[Event "21. Copenhagen Open  (Politiken Cup)"]
[Site "Copenhagen"]
[Date "1999.07.07"]
[Round "5"]
[White "Bekker Jensen, David"]
[Black "Peelen, Piet"]
[Result "1/2-1/2"]
[WhiteElo "2264"]
[BlackElo "2382"]
[PlyCount "34"]
[EventDate "1999.07.03"]
[EventType "swiss"]
[EventRounds "11"]
[EventCountry "DEN"]
[SourceDate "2004.01.01"]

1. d4 Nf6 2. c4 g6 3. g3 Bg7 4. Bg2 O-O 5. Nc3 c6 6. e4 d6 7. Nf3 e5 8. O-O Bg4
9. d5 cxd5 10. cxd5 Qd7 11. Re1 Na6 12. Bd2 Nc5 13. Qe2 a5 14. Rab1 Rfb8 15. b4
axb4 16. Rxb4 Ra3 17. Qf1 Rba8 1/2-1/2

[Event "21. Copenhagen Open  (Politiken Cup)"]
[Site "Copenhagen"]
[Date "1999.07.07"]
[Round "5"]
[White "Birgisdottir, Ingibjorg Edda"]
[Black "Petersen, Nils"]
[Result "1/2-1/2"]
[WhiteElo "1295"]
[BlackElo "2067"]
[PlyCount "62"]
[EventDate "1999.07.03"]
[EventType "swiss"]
[EventRounds "11"]
[EventCountry "DEN"]
[SourceDate "2004.01.01"]

1. e4 c5 2. Nf3 Nc6 3. Bc4 e6 4. c3 d5 5. exd5 exd5 6. Bb5 a6 7. Ba4 Bd6 8. h3
Bf5 9. d4 c4 10. O-O Nge7 11. Bc2 O-O 12. Be3 Qd7 13. Bxf5 Nxf5 14. Re1 Nxe3
15. Rxe3 Bf4 16. Re1 Rae8 17. Nbd2 Rxe1+ 18. Qxe1 Qf5 19. Qb1 Qe6 20. Qc2 Bxd2
21. Qxd2 Re8 22. Re1 Qd7 23. Rxe8+ Qxe8 24. Qf4 Qd7 25. Ne5 Qc7 26. Qe3 Kf8 27.
Nxc6 Qxc6 28. Qg3 f6 29. f3 g6 30. Qe1 Kf7 31. Kf2 Qb5 1/2-1/2

[Event "21. Copenhagen Open  (Politiken Cup)"]
[Site "Copenhagen"]
[Date "1999.07.07"]
[Round "5"]
[White "Brantzeg, Pal"]
[Black "Madhy, Nezar"]
[Result "1/2-1/2"]
[WhiteElo "1476"]
[BlackElo "1689"]
[PlyCount "128"]
[EventDate "1999.07.03"]
[EventType "swiss"]
[EventRounds "11"]
[EventCountry "DEN"]
[SourceDate "2004.01.01"]

1. d4 Nf6 2. Nf3 e6 3. e3 c5 4. Bd3 d5 5. b3 Qb6 6. Bb2 c4 7. Be2 Bb4+ 8. c3
Bd6 9. Qc2 cxb3 10. axb3 Ne4 11. O-O Qc7 12. c4 g5 13. Nc3 Nxc3 14. Bxc3 Nd7
15. c5 Be7 16. Bb5 Kf8 17. Rfc1 g4 18. Ne1 h5 19. f4 gxf3 20. Nxf3 b6 21. c6
Nf6 22. Ne5 Ng4 23. Nxg4 hxg4 24. g3 Bd6 25. Qf2 Rh3 26. Be1 a5 27. Bf1 Rh5 28.
Bd3 Ba6 29. Bxa6 Rxa6 30. Qe2 Ra8 31. Qxg4 Rh6 32. e4 dxe4 33. Qxe4 Ke7 34. d5
Rah8 35. Ra2 Rh5 36. dxe6 fxe6 37. Qg6 Be5 38. Rd2 Bd6 39. Qg7+ Kd8 40. Qd4 Ke7
41. Qe4 Rf5 42. Re2 Re5 43. Qg4 Rf8 44. Rxe5 Bxe5 45. Bf2 Rf7 46. Bd4 Bxd4+ 47.
Qxd4 e5 48. Re1 Ke6 49. Qc4+ Ke7 50. Qd5 Rf5 51. Re4 Qd6 52. Qc4 Qd1+ 53. Kg2
Qf3+ 54. Kh3 Rh5+ 55. Rh4 Qf5+ 56. Kg2 Rxh4 57. Qxh4+ Kd6 58. Qh6+ Kc7 59. Qc1
Qe4+ 60. Kf2 Qf5+ 61. Kg1 Qd3 62. Qb2 Qe3+ 63. Kf1 Kxc6 64. Qc2+ Kb7 1/2-1/2

[Event "21. Copenhagen Open  (Politiken Cup)"]
[Site "Copenhagen"]
[Date "1999.07.07"]
[Round "5"]
[White "Brinck Claussen, Bjorn"]
[Black "Larsen, Peter"]
[Result "0-1"]
[WhiteElo "2354"]
[BlackElo "2259"]
[PlyCount "72"]
[EventDate "1999.07.03"]
[EventType "swiss"]
[EventRounds "11"]
[EventCountry "DEN"]
[SourceDate "2004.01.01"]

1. e4 c5 2. Nf3 d6 3. d4 cxd4 4. Nxd4 Nf6 5. Nc3 a6 6. Bg5 e6 7. f4 b5 8. e5
dxe5 9. fxe5 Qc7 10. exf6 Qe5+ 11. Be2 Qxg5 12. O-O Qe5 13. Nf3 Bc5+ 14. Kh1
Qxf6 15. Ne4 Qe7 16. Ne5 f5 17. Bd3 O-O 18. Nxc5 Qxc5 19. Qe2 Nc6 20. Nxc6 Qxc6
21. Rae1 Rf6 22. Qd2 Bb7 23. Rf2 Qd6 24. Bf1 Rd8 25. Rd1 Qxd2 26. Rfxd2 Rxd2
27. Rxd2 g5 28. a4 bxa4 29. Rd6 Kg7 30. Bxa6 Be4 31. c4 e5 32. Rd7+ Kg6 33. Bb5
f4 34. Kg1 Bc6 35. Rc7 Bxb5 36. cxb5 Kf5 0-1

[Event "21. Copenhagen Open  (Politiken Cup)"]
[Site "Copenhagen"]
[Date "1999.07.07"]
[Round "5"]
[White "Byrn, Carsten"]
[Black "Raunkjaer, Jonas"]
[Result "1-0"]
[WhiteElo "2055"]
[BlackElo "1607"]
[PlyCount "47"]
[EventDate "1999.07.03"]
[EventType "swiss"]
[EventRounds "11"]
[EventCountry "DEN"]
[SourceDate "2004.01.01"]

1. d4 Nf6 2. c4 g6 3. Nc3 d5 4. Nf3 Bg7 5. Qb3 dxc4 6. Qxc4 O-O 7. e4 Nbd7 8.
e5 Nb6 9. exf6 Nxc4 10. fxg7 Kxg7 11. Bxc4 Bf5 12. Be3 c6 13. O-O-O b5 14. Bb3
a5 15. Nh4 Be6 16. Bxe6 fxe6 17. Kb1 Qd6 18. Nf3 Rxf3 19. gxf3 Qb4 20. Ne4 a4
21. Rc1 a3 22. b3 Rd8 23. Bd2 Qxd4 24. Bc3 1-0

[Event "21. Copenhagen Open  (Politiken Cup)"]
[Site "Copenhagen"]
[Date "1999.07.07"]
[Round "5"]
[White "Christensen, Thomas"]
[Black "Bering, Anders"]
[Result "1-0"]
[WhiteElo "2231"]
[BlackElo "2007"]
[PlyCount "71"]
[EventDate "1999.07.03"]
[EventType "swiss"]
[EventRounds "11"]
[EventCountry "DEN"]
[SourceDate "2004.01.01"]

1. d4 Nf6 2. c4 e6 3. Nc3 d5 4. cxd5 exd5 5. Bg5 Be7 6. e3 O-O 7. Bd3 Nbd7 8.
Qc2 c6 9. Nge2 Re8 10. O-O Nf8 11. f3 Be6 12. Rad1 Rc8 13. e4 c5 14. e5 cxd4
15. exf6 Bxf6 16. Bxf6 Qxf6 17. Bb5 dxc3 18. Bxe8 cxb2 19. Bxf7+ Kxf7 20. Qb3
Bf5 21. Rxd5 Ne6 22. Qxb7+ Rc7 23. Rd7+ Rxd7 24. Qxd7+ Kg6 25. Qb5 b1=Q 26.
Rxb1 Bxb1 27. Qxb1+ Kh6 28. Qe4 Qa1+ 29. Kf2 Qxa2 30. g4 g5 31. h4 gxh4 32. f4
Qb3 33. Qe5 Qb6+ 34. Kg2 Qc6+ 35. Kh2 h3 36. Qf6# 1-0

[Event "21. Copenhagen Open  (Politiken Cup)"]
[Site "Copenhagen"]
[Date "1999.07.07"]
[Round "5"]
[White "Dalso, Harry"]
[Black "Nielsen, Nicholas Roland"]
[Result "0-1"]
[WhiteElo "1731"]
[BlackElo "1538"]
[PlyCount "50"]
[EventDate "1999.07.03"]
[EventType "swiss"]
[EventRounds "11"]
[EventCountry "DEN"]
[SourceDate "2004.01.01"]

1. d4 Nf6 2. Nf3 e6 3. g3 c5 4. c3 d5 5. Bg2 Nc6 6. O-O Bd6 7. e3 O-O 8. Nbd2
b6 9. Ng5 e5 10. dxe5 Nxe5 11. Qc2 Ba6 12. Rd1 Bd3 13. Qa4 b5 14. Qh4 Ng6 15.
Qh3 Be2 16. Bf3 Bxd1 17. Bxd1 Qc8 18. Qg2 Qf5 19. Ngf3 c4 20. Nd4 Qd7 21. Bf3
Bc5 22. Nc2 Ne5 23. Be2 Rfe8 24. Nf3 Ne4 25. Nce1 Ng4 0-1

[Event "21. Copenhagen Open  (Politiken Cup)"]
[Site "Copenhagen"]
[Date "1999.07.07"]
[Round "5"]
[White "Dongart, Dennis"]
[Black "El Kher, Henrik"]
[Result "0-1"]
[WhiteElo "2095"]
[BlackElo "2332"]
[PlyCount "52"]
[EventDate "1999.07.03"]
[EventType "swiss"]
[EventRounds "11"]
[EventCountry "DEN"]
[SourceDate "2004.01.01"]

1. e4 c5 2. Nf3 e6 3. d4 cxd4 4. Nxd4 Nf6 5. Bd3 a6 6. O-O Qc7 7. Qe2 d6 8. b3
g6 9. Bb2 Bg7 10. c4 O-O 11. Kh1 b6 12. f4 Bb7 13. Nc3 Nbd7 14. b4 Rac8 15. Nb3
Nh5 16. Qf2 Qb8 17. a4 Qa8 18. Rae1 e5 19. f5 Nf4 20. fxg6 Nxd3 21. gxf7+ Kh8
22. Qf5 Nxe1 23. Qxd7 Nd3 24. Rf3 Bxe4 25. Rg3 Nxb2 26. Nd2 Qb7 0-1

[Event "21. Copenhagen Open  (Politiken Cup)"]
[Site "Copenhagen"]
[Date "1999.07.07"]
[Round "5"]
[White "Elakany, Mohammed"]
[Black "Jacobsen, Jesper Howalt"]
[Result "1/2-1/2"]
[WhiteElo "1172"]
[BlackElo "1180"]
[PlyCount "55"]
[EventDate "1999.07.03"]
[EventType "swiss"]
[EventRounds "11"]
[EventCountry "DEN"]
[SourceDate "2004.01.01"]

1. c4 e5 2. Nc3 Nc6 3. e3 Nf6 4. Nf3 d6 5. d4 Nd7 6. Be2 Be7 7. O-O O-O 8. d5
Ncb8 9. e4 b6 10. Be3 Nc5 11. b4 Ncd7 12. Nb5 a6 13. Nc3 a5 14. a3 axb4 15.
axb4 Rxa1 16. Qxa1 Nf6 17. b5 Nbd7 18. Qa8 Nc5 19. Bxc5 bxc5 20. Qa1 Bg4 21.
Qc1 Qa8 22. Re1 Qa7 23. Nh4 Bxe2 24. Rxe2 Nd7 25. Nf5 Bf6 26. Re3 Bg5 27. h3
Bxe3 28. Qxe3 1/2-1/2

[Event "21. Copenhagen Open  (Politiken Cup)"]
[Site "Copenhagen"]
[Date "1999.07.07"]
[Round "5"]
[White "Fant, Goran"]
[Black "Danielsen, Henrik"]
[Result "0-1"]
[WhiteElo "2066"]
[BlackElo "2512"]
[PlyCount "66"]
[EventDate "1999.07.03"]
[EventType "swiss"]
[EventRounds "11"]
[EventCountry "DEN"]
[SourceDate "2004.01.01"]

1. d4 f5 2. Bg5 g6 3. Nc3 d5 4. f3 Bg7 5. Bf4 c6 6. Qd2 Nf6 7. Rd1 Be6 8. Nh3
h6 9. Bg3 g5 10. e3 Nbd7 11. Bd3 O-O 12. Bf2 b5 13. Ne2 Ne4 14. Bxe4 dxe4 15.
f4 Bf6 16. Ng3 Qe8 17. Qa5 Nb6 18. b3 Qg6 19. Rc1 Rfc8 20. Kf1 Nd5 21. Ne2 c5
22. c4 bxc4 23. bxc4 Nb4 24. d5 Bf7 25. Ng3 Nd3 26. Rb1 Rcb8 27. Rb3 Rxb3 28.
axb3 Rb8 29. Qa3 Be8 30. Be1 a5 31. Ke2 Rxb3 32. Qxa5 Rb2+ 33. Bd2 gxf4 0-1